| 000 | 00506nam a22001577a 4500 | ||
|---|---|---|---|
| 008 | 230608b |||||||| |||| 00| 0 eng d | ||
| 040 |
_aNational Science Library _cNational Science Library |
||
| 080 |
_aR 016:668.447 _bL1 |
||
| 100 |
_aVarshney, Rajendra Kumar _911182 |
||
| 245 |
_aLac literature: _bA bibliography of lac insects & shellac |
||
| 260 |
_aCalcutta: _bShellac Export Promotion Council, _c1971 |
||
| 300 | _avi, 216p. | ||
| 650 | _aBibliography | ||
| 653 | _aIndex | ||
| 942 |
_2udc _cREF |
||
| 999 |
_c40889 _d40889 |
||